Quiz Piłkarski - "jeden z czterech" #1 - Statystyki

Ogólne statystyki
  • Ten quiz został rozwiązany 71 razy
  • Średni wynik to 13 z 15
Statystyki odpowiedzi
Zagadnienie Odpowiedź % Poprawnych
Z ilu metrów wykonywany jest rzut karny? 11
100%
W jakim zespole przed Bayernem Monachium, grał Robert Lewandowski? Borussia Dortmund
100%
Jaki klub najwięcej razy wygrywał ligę mistrzów? Real Madryt
98%
Jak nazywa się druga w kolejności liga angielska? Champioship
97%
Gdzie idzie zawodnik po dostaniu czerwonej kartki? Do szatni
97%
Ile razy Leo Messi wygrał Mistrzostwa Świata? 1
95%
Z jakiego kraju jest Pierre-Emerick Aubameyang? Gabon
92%
Kto wygrał Złotą Piłkę w 2020? Nikt...
89%
Z jakiego miasta jest drużyna "Torino"? Turyn
89%
Przez jaką organizacje przyznawana jest nagroda Złotej Piłki? France Football
85%
Ile razy Arsenal wygrał ligę mistrzów? 0
82%
Jak się nazywa drużyna z Lublina grająca w Ekstraklasie? Motor
82%
Jak nazywa się stadion Juventusu Turyn? Alianz Stadium
77%
Kto dostał nagrodę najlepszego młodego zawodnika Mistrzostw Świata 2022r? Enzo Fernadez
57%
Kto w finale MŚ2018 strzelił drugiego gola dla Chorwacji? Mandzukic
46%
Nie znaleziono quizów pasujących do podanych kryteriów
Rozkład punktacji
Procent ludzi z każdym wynikiem
Percentyl według liczby udzielonych odpowiedzi
Twoja historia wyników
Nie rozwiązałeś tego quizu